000 00309nam a2200133Ia 4500
008 231129s1984||||xx |||||||||||||| ||spa||
040 _bspa
082 _aCo864 K15h
100 _aKamargo Rene
245 0 _aHasta que la muerte los separe
260 _c1984
264 _aCentro America
942 _2ddc
_cBKS
999 _c14928
_d14928